| 000 | 00682nam a2200229 a 4500 | ||
|---|---|---|---|
| 001 | 63039 | ||
| 005 | 20180714065315.0 | ||
| 008 | 150625s2014 mx a r 000 0 spa d | ||
| 020 | _a9786075165974 | ||
| 040 | _erda | ||
| 041 | 0 | _aspa | |
| 082 | 0 |
_a001.44 _bPRE |
|
| 245 | 0 | 0 | _aPremio nacional de ciencias y artes 2013. |
| 250 | _aPrimera edición | ||
| 264 | 1 |
_aMéxico : _bSecretaría de Educación Pública, _c2014 |
|
| 300 |
_a115 páginas : _bilustraciones ; _c21 cm. |
||
| 336 |
_atexto _2rdacontent |
||
| 337 |
_asin mediación _2rdamedia |
||
| 338 |
_avolumen _2rdacarrier |
||
| 650 | 4 |
_aCiencia _zMéxico _xPremios |
|
| 650 | 4 |
_aArte _zMéxico _xPremios |
|
| 999 |
_c63039 _d63039 |
||